Change management: (Record no. 208224)
[ view plain ]
| 000 -LEADER | |
|---|---|
| fixed length control field | 00689nam a2200205Ia 4500 |
| 005 - DATE AND TIME OF LATEST TRANSACTION | |
| control field | 20250303121749.0 |
| 008 - FIXED-LENGTH DATA ELEMENTS--GENERAL INFORMATION | |
| fixed length control field | 210716s2007 xx 000 0 und d |
| 020 ## - INTERNATIONAL STANDARD BOOK NUMBER | |
| International Standard Book Number | 9780070635869 |
| 040 ## - CATALOGING SOURCE | |
| Transcribing agency | AIMIT LIBRARY |
| 041 ## - LANGUAGE CODE | |
| Language code of text/sound track or separate title | eng |
| 082 ## - DEWEY DECIMAL CLASSIFICATION NUMBER | |
| Classification number | 658.406 |
| Edition number | 1 |
| Item number | SHAR |
| 100 ## - MAIN ENTRY--PERSONAL NAME | |
| Personal name | Sharma, Radha R. |
| 9 (RLIN) | 203397 |
| 245 ## - TITLE STATEMENT | |
| Title | Change management: |
| Remainder of title | concepts and applications / |
| Statement of responsibility, etc. | By Radha R Sharma. |
| 250 ## - EDITION STATEMENT | |
| Edition statement | 1st ed. |
| 260 ## - PUBLICATION, DISTRIBUTION, ETC. | |
| Place of publication, distribution, etc. | New Delhi : |
| Name of publisher, distributor, etc. | Tata McGraw Hill Publishing Company Ltd ; |
| Date of publication, distribution, etc. | 2007. |
| 300 ## - PHYSICAL DESCRIPTION | |
| Extent | xvi,272p. ; |
| Other physical details | PB |
| Dimensions | 22 cm. |
| 650 ## - SUBJECT ADDED ENTRY--TOPICAL TERM | |
| Topical term or geographic name entry element | Perspectives on organisational change |
| 9 (RLIN) | 203398 |
| 650 ## - SUBJECT ADDED ENTRY--TOPICAL TERM | |
| Topical term or geographic name entry element | Resistance to organisational change |
| 9 (RLIN) | 203399 |
| 942 ## - ADDED ENTRY ELEMENTS (KOHA) | |
| Source of classification or shelving scheme | Dewey Decimal Classification |
| Koha item type | Book |
| Edition | 1st ed. |
| Call number prefix | 658.406 SHAR |
| Withdrawn status | Lost status | Source of classification or shelving scheme | Damaged status | Not for loan | Collection code | Home library | Current library | Date acquired | Cost, normal purchase price | Inventory number | Total Checkouts | Full call number | Barcode | Date last seen | Cost, replacement price | Price effective from | Koha item type |
|---|---|---|---|---|---|---|---|---|---|---|---|---|---|---|---|---|---|
| Dewey Decimal Classification | MBA | St Aloysius Institute of Management & Information Technology | St Aloysius Institute of Management & Information Technology | 10/24/2007 | 425.00 | Bill no:7834; Bill dt:2007-10-17 | 658.406 SHAR | MBA04542 | 05/23/2026 | 340.00 | 07/16/2021 | Book | |||||
| Dewey Decimal Classification | MBA | St Aloysius Institute of Management & Information Technology | St Aloysius Institute of Management & Information Technology | 11/06/2013 | 510.00 | Bill no:978; Bill dt:2013-09-05 | 658.406 SHAR | MBA10790 | 05/23/2026 | 382.50 | 07/16/2021 | Book |